000 00554nam a22002297a 4500
003 UA-OsUOA
001 137600
007 ta
008 20190603b un ||||| |||| 00| 0 ukr d
100 _aГавел В.
090 _a323.2(437)
_bГ12
942 _cBK
040 _aUA-OsUOA
_bukr
_cUA-OsUOA
_dUA-OsUOA
245 _aСила безсилих
300 _a144 с.
955 _a1
041 _aukr
080 _a323.2(437)
260 _aК.
_bЧеська бібліотека
_c2016
650 7 _a32 Політика
_2UDC
999 _c421210
_d421210